International encyclopedia of adult education and training.

Gespeichert in:
Bibliographische Detailangaben
1. Verfasser: Tuunman, Albert C. (autor)
Format: Buch
Sprache:Englisch
Schlagworte:
Tags: Tag hinzufügen
Keine Tags, Fügen Sie das erste Tag hinzu!

MARC

LEADER 00000nam^a2200000^u^4500
001 000510297
005 20250521000000.0
008 091215s1000^^^^^^^^^^^^r^^^^^000^0^spa^d
009 20260310130122.188
035 |a FCE 000054506 
037 |a Acervo ITESO - Biblioteca 
041 |a eng 
082 0 4 |a 374.0202  |b TUIi 
100 |a Tuunman, Albert C.  |e (autor) 
245 1 0 |a International encyclopedia of adult education and training. 
264 |a Gran Bretaña :  |b Albert C. Tuijnman,  |c 1989. 
300 |a 960 p. 
336 |a texto  |b txt  |2 rdacontenido 
337 |a sin mediación  |b n  |2 rdamedio 
338 |a volumen  |b nc  |2 rdasoporte 
649 |a XX 
650 |a Educación de adultos 
650 |a Manuales 
910 |a Fondo Centro de Estudios Educativos 
920 |a Impresos - Libros 
930 |a Fondos Especiales 
905 |a 133 
901 |a ALE067867  |b IT2  |c CEE  |u 20250521 
902 |a https://opac.biblio.iteso.mx/vufind/Record/000510297